000 00736nas a2200277 i 4500
001 1600
003 ES-MaACL
005 20250801091004.0
007 t|
008 950801c1981 xr a| p | ||pa d
022 _a0231-6889
080 _a437
080 _a885"19"(082.2)
245 0 0 _aPanorama de la literatura checa.
260 _aPraga :
_bUnión de Escritores Checos,
_c1981-
300 _a2 v. :
_bil. ;
_c23 cm.
310 _aAnual
362 1 _aN. 1 (1981)-
650 1 7 _aLiteratura checa
_2embne
_9149796
655 7 _2tgfbne
_9226866
_aRevistas
710 2 _aUnión de Escritores Checos.
_9149797
852 _aES-MaACL
_jHem-1976
866 0 _o1986-88.
942 _2udc
999 _c1600
_d1600